000 00606cam a2200205 4500500
005 20260329001301.0
041 _afre
042 _adc
100 1 0 _ade Oliveira, Victorine
_eauthor
245 0 0 _aS’habiller pour le travail, un casse-tête genré
260 _c2023.
500 _a4
690 _aEmpowerment
690 _aEntreprise
690 _aFemmes/hommes
690 _aVie de bureau
690 _aVie pro / vie perso
786 0 _nPhilonomist | - | 4 | 2023-03-06 | p. 28-34
856 4 1 _uhttps://shs.cairn.info/magazine-philonomist-2023-4-page-28?lang=fr&redirect-ssocas=7080
999 _c1803870
_d1803870